000 00902nam a22002777a 4500
999 _c14456
_d14456
003 AR-CdUCM
008 190423b ||||| |||| 00| 0 spa d
020 _a978-612-301-052-2
040 _aMUNICIPALIDAD PROVINCIAL DEL CUSCO
_cBIBLIOTECA MUNICIPAL DEL CUSCO
041 _hspa
082 _aPI / 803.08 / L84 / e.3
_bL84 / e.3
100 _aLoli, César
_933193
245 _aEl telefonito :
_bCon miss Rosi /
260 _aLima :
_bQ.W. Editores,
_c2009.
300 _a16 páginas ;
_bilustraciones,
_c20 cm.
440 _aCántame un cuento.
_n2
_933194
505 _aEl telefonito
650 _aLiteratura infantil
_9588
650 _aCuento infantil
_93319
650 _aPrimera infancia
_924660
700 _aLópez, Dioni (canción y letra)
_933245
710 _aEditorial Septiembre
_933196
856 _fwww.editorialseptiembre.com
942 _2ddc
_cLIBROS
945 _apbjr
_d02-04-2025